[Event "6th Edmonton International"]
[Site "Edmonton CAN"]
[Date "2011.07.30"]
[Round "6"]
[White "Melekhina,A"]
[Black "Shabalov,A"]
[Result "1/2-1/2"]
[WhiteElo "2263"]
[BlackElo "2577"]

1.d4 g6 2.c4 Nf6 3.Nc3 d5 4.cxd5 Nxd5 5.e4 Nxc3 6.bxc3 Bg7 7.Bc4 c5 8.Ne2 Nc6
9.Be3 O-O 10.O-O Bd7 11.dxc5 Qc7 12.Rb1 Rad8 13.Qc2 Ne5 14.Bd5 Ng4 15.Bf4 Qxc5
16.h3 Nf6 17.Be3 Qa5 18.Bxb7 Rb8 19.Bf4 e5 20.Bg5 Ba4 21.Qd2 Bb5 22.Bxf6 Bxf6
23.Bd5 Bxe2 24.Qxe2 Qxc3 25.Rxb8 Rxb8 26.Qa6 Bd8 27.Qxa7 Qc7 28.Qxc7 Bxc7
29.Rc1 Bb6 30.Rc6 Kg7 31.Rd6 f5 32.Rd7+ Kh6 33.Rb7 Rxb7 34.Bxb7 Kg5 35.Kf1 fxe4
36.Bxe4 Kf4 37.f3 Kg3 38.a4 Bc7 39.Bd5 g5 40.Be4 h6 41.Bd5 Bd8 42.Be6 Bb6
43.Bg4 Kf4 44.Ke2 e4 45.fxe4 Kxe4 46.Bh5 Kd4 47.Kf3 Ke5 48.Be8 Bc5 49.Ke2 Kd4
50.Bf7 Bb6 51.Kd2 Ba5+ 52.Kc2 Ke3 53.Kb3 Kd4 54.Bg6 Be1 55.Kc2 Ba5 56.Kd1 Ke3
57.Be8 Bb4 58.Kc2 Kd4 59.Kb3 Ba5 60.Bg6 Be1 61.Bf7 Ba5 62.Kc2 Ke3 63.Kb3 Kd4
64.Kc2 Ke3 65.Kb3  1/2-1/2

[Event "Politiken Cup"]
[Site "Helsingor DEN"]
[Date "2011.07.30"]
[Round "1.11"]
[White "Krasenkow,M"]
[Black "Olofsson-Dolk,Mattis"]
[Result "1-0"]
[WhiteElo "2607"]
[BlackElo "1951"]

1.d4 Nf6 2.c4 g6 3.Nc3 d5 4.cxd5 Nxd5 5.e4 Nxc3 6.bxc3 Bg7 7.Qa4+ Nd7 8.Nf3 O-O
9.Bg5 c5 10.Rc1 h6 11.Be3 cxd4 12.cxd4 Nb6 13.Qb3 Be6 14.d5 Bg4 15.Be2 e6
16.h3 Bxf3 17.Bxf3 exd5 18.exd5 Rc8 19.O-O Qd6 20.a4 Rc7 21.Rxc7 Qxc7 22.Rc1 Qd7
23.a5 Nc8 24.Bg4 f5 25.d6+ Kh7 26.Rc7 Qxd6 27.Qxb7 Qf6 28.Be2 Nd6 29.Qxa7 Qa1+
30.Kh2 Qe5+ 31.f4 Qf6 32.Bd4  1-0

[Event "Politiken Cup"]
[Site "Helsingor DEN"]
[Date "2011.07.30"]
[Round "1.101"]
[White "Seirup,Simon"]
[Black "Christensen,Janu"]
[Result "0-1"]
[WhiteElo "1694"]
[BlackElo "2127"]

1.d4 Nf6 2.c4 g6 3.Nc3 d5 4.cxd5 Nxd5 5.e4 Nxc3 6.bxc3 Bg7 7.Nf3 Bg4 8.Be2 c5
9.Be3 Nc6 10.e5 Qa5 11.Qd2 Rd8 12.O-O cxd4 13.Bxd4 Bxf3 14.Bxf3 Nxd4  0-1

[Event "Czech GM Open A"]
[Site "Pardubice CZE"]
[Date "2011.07.30"]
[Round "9.23"]
[White "Haba,P"]
[Black "Plat,V"]
[Result "1/2-1/2"]
[WhiteElo "2504"]
[BlackElo "2410"]

1.d4 Nf6 2.c4 g6 3.Nc3 d5 4.cxd5 Nxd5 5.e4 Nxc3 6.bxc3 Bg7 7.Nf3 c5 8.Rb1 Nc6
9.d5 Ne5 10.Nxe5 Bxe5 11.Bb5+ Bd7 12.c4 O-O 13.O-O Bxb5 14.Rxb5 Qc7 15.Bh6 Bg7
16.Bxg7 Kxg7 17.Qa1+ Kg8 18.Rfb1 b6 19.R5b3 Rae8 20.e5 f6 21.e6 Rb8 22.a3 Qd6
23.a4 Rb7 24.a5 Rfb8 25.Qa4 Qe5 26.h4 Qe4 27.axb6 axb6 28.Qa6 Kg7 29.Kh2 b5
30.cxb5 Qxd5 31.Qc6 Qf5 32.R1b2 Rb6 33.Qc7 R8b7 34.Qc8 Rb8  1/2-1/2

[Event "Politiken Cup"]
[Site "Helsingor DEN"]
[Date "2011.07.31"]
[Round "3.24"]
[White "Sturt,R"]
[Black "Antonsen,M"]
[Result "1-0"]
[WhiteElo "2231"]
[BlackElo "2471"]

1.d4 Nf6 2.c4 g6 3.Nc3 d5 4.cxd5 Nxd5 5.e4 Nxc3 6.bxc3 Bg7 7.Nf3 c5 8.Be3 Qa5
9.Qd2 O-O 10.Rc1 Bg4 11.Be2 Nd7 12.d5 Nf6 13.c4 Qa4 14.Bd3 Bxf3 15.gxf3 b6
16.e5 Nh5 17.f4 Qd7 18.h3 Bh6 19.Be2 Ng7 20.h4 Qf5 21.h5 gxh5 22.Rh4 Qg6
23.Bd3 Nf5 24.Bxf5 Qxf5 25.Qe2 Bg7 26.Rxh5 Qd7 27.Qd3 f5 28.exf6 Rxf6 29.Qxh7+ Kf7
30.Rg5 Rg8 31.Ke2 Kf8 32.Rcg1 Rf7 33.Qe4 Qa4 34.Kf3 Rf6 35.Qh7 Rf7 36.Qh3 Qe8
37.Qe6 Rf6 38.Qe4 Qd7 39.R1g3 Qa4 40.Qh7 Rf7 41.Qh3 Qe8 42.Qg4 Qa8 43.Kg2  1-0

[Event "Politiken Cup"]
[Site "Helsingor DEN"]
[Date "2011.07.31"]
[Round "3.7"]
[White "Khenkin,I"]
[Black "Aabling Thomsen,J"]
[Result "1-0"]
[WhiteElo "2620"]
[BlackElo "2325"]

1.d4 Nf6 2.c4 g6 3.Nc3 d5 4.cxd5 Nxd5 5.e4 Nxc3 6.bxc3 Bg7 7.Nf3 c5 8.Be3 Qa5
9.Qd2 Nc6 10.Rb1 a6 11.Rc1 Bg4 12.d5 Rd8 13.Be2 O-O 14.c4 Qxd2+ 15.Nxd2 Bxe2
16.Kxe2 Nd4+ 17.Kd3 e6 18.Nb3 b5 19.Nxc5 bxc4+ 20.Kxc4 exd5+ 21.exd5 Nf5
22.Nxa6 Rfe8 23.Rhd1 Re4+ 24.Kb5 Bf8 25.Bc5 Nd6+ 26.Bxd6 Bxd6 27.Rc2 Re5
28.a4 Kg7 29.a5 h5 30.Nc5 Ra8 31.a6 Re7 32.Nb7 Bf4 33.h4 Re4 34.d6 Re5+ 35.Rc5 Re2
36.d7 Rb2+ 37.Kc4 Rc2+ 38.Kb3 Rxc5 39.Nxc5 Bc7 40.Kc4 Kf8 41.Re1  1-0

[Event "15th HZ Open"]
[Site "Vlissingen NED"]
[Date "2011.07.31"]
[Round "2"]
[White "Gogollok,C"]
[Black "Fernandez,Dan SIN"]
[Result "0-1"]
[WhiteElo "2004"]
[BlackElo "2328"]

1.d4 Nf6 2.c4 g6 3.Nc3 d5 4.cxd5 Nxd5 5.e4 Nxc3 6.bxc3 Bg7 7.Bc4 c5 8.Ne2 O-O
9.O-O Nd7 10.a4 cxd4 11.cxd4 Nb6 12.Bb3 Bg4 13.f3 Bd7 14.a5 Nc8 15.Nc3 Nd6
16.Be3 Rc8 17.Qd3 a6 18.Rfd1 Nb5 19.Nxb5 Bxb5 20.Qd2 Qd7 21.Rac1 Rxc1 22.Rxc1 Rd8
23.d5 Rc8 24.Rc2 h5 25.Qc1 Rxc2 26.Qxc2 Kh7 27.Qc5 Be5 28.Bd2 Bd6 29.Qc3 Bc7
30.Qc5 Qd8 31.Qb4 b6 32.axb6 Bxb6+ 33.Kh1 Ba7 34.Qa5 Qd6 35.Bb4 Bc5 36.Bd2 h4
37.f4 Ba7 38.Qa1 h3 39.Qe1 Bd3 40.Qh4+ Kg8 41.Bc3 hxg2+ 42.Kxg2 Bxe4+ 43.Kh3 Qd7+
44.Kg3 f6 45.Bxf6 exf6 46.Qxf6 Bb8 47.d6+ Kh7 48.Qe7+ Qxe7 49.dxe7 Bc6 50.Bf7 g5
51.e8=Q Bxe8 52.Bxe8 gxf4+ 53.Kg4 Kg7 54.h4 Kf6 55.h5 Ke5 56.h6 Ke4 57.Bc6+ Ke3
58.Kf5 Ba7 59.h7 Bd4 60.Kg4 a5 61.Kh3 f3 62.Kg3 Be5+ 63.Kh3 Ke2 64.Bb5+ Ke1
65.Kg4 f2 66.Kf5 Bh8 67.Ke4 a4 68.Kd5 a3  0-1

[Event "15th HZ Open"]
[Site "Vlissingen NED"]
[Date "2011.07.31"]
[Round "3"]
[White "Porte,H"]
[Black "Westerweele,M"]
[Result "1-0"]
[WhiteElo "2119"]
[BlackElo "1905"]

1.d4 Nf6 2.c4 g6 3.Nc3 d5 4.cxd5 Nxd5 5.e4 Nxc3 6.bxc3 Bg7 7.Be3 c5 8.Bc4 Qa5
9.Ne2 cxd4 10.Bxd4 Bxd4 11.Qxd4 O-O 12.O-O Nc6 13.Qe3 Qc7 14.Bb3 Na5 15.Kh1 b6
16.f4 Ba6 17.Rf3 Bxe2 18.Qxe2 e6 19.Raf1 Rad8 20.f5 exf5 21.exf5 Nxb3 22.axb3 Qd6
23.Qf2 g5 24.f6 Rfe8 25.Rh3 Qe5 26.Rh5 Rd5 27.c4 Rd4 28.Rxg5+ Qxg5 29.Qxd4 h6
30.h3 Qe5 31.Qg4+ Qg5 32.Qd7 Re6 33.Qd8+ Kh7 34.b4 Qg6 35.c5 bxc5 36.bxc5 Re2
37.Qd5 Rc2 38.c6 a5 39.Rf4 h5 40.Qf3 Kh6 41.Rd4 Rc5 42.Rd8 Kh7 43.Rd7 a4
44.c7 Qb1+ 45.Kh2 Qg6 46.Rd5 Rxc7 47.Rxh5+  1-0

[Event "15th HZ Open"]
[Site "Vlissingen NED"]
[Date "2011.07.31"]
[Round "3"]
[White "Albrecht,A"]
[Black "Bijlsma,N"]
[Result "1/2-1/2"]
[WhiteElo "1939"]
[BlackElo "2174"]

1.d4 Nf6 2.c4 g6 3.Nc3 d5 4.cxd5 Nxd5 5.e4 Nxc3 6.bxc3 Bg7 7.Bc4 c5 8.Ne2 Nc6
9.Be3 O-O 10.O-O Na5 11.Bd3 cxd4 12.cxd4 b6 13.Qd2 e6 14.Rac1 Bb7 15.f3 Qd7
16.Qb4 Nc6 17.Qb5 Rfd8 18.d5 exd5 19.exd5 Ne5 20.Qxd7 Rxd7 21.Bb5 Rxd5 22.Nc3 Rdd8
23.Bg5 Rdc8 24.Ne4 Rxc1 25.Rxc1 a6 26.Nf6+ Kh8 27.f4 axb5 28.fxe5 Rxa2 29.g3 h6
30.Rc7 hxg5 31.Rxb7 Bxf6 32.exf6 Ra6 33.Kf1 Ra1+ 34.Ke2 Ra2+ 35.Kf3 Rxh2
36.Rxb6 Rb2 37.Kg4 Rf2 38.Kxg5 Rf5+ 39.Kg4 Kh7 40.Rb7 Rxf6 41.Rxb5 Rf2 42.Rb7 Kh6
43.Rb4 f5+ 44.Kh3 Re2 45.Rh4+ Kg5 46.Rb4 Kh6 47.Rh4+ Kg7 48.Rb4 g5 49.Rb7+ Kg6
50.Rb6+ Kh5 51.g4+ fxg4+ 52.Kg3 Re3+ 53.Kf2 Rc3 54.Rb8 g3+ 55.Kg2 Kh4 56.Rb4+ g4
57.Rb5 Rc2+ 58.Kg1 g2 59.Rb3 Ra2 60.Rd3 g3 61.Rxg3  1/2-1/2

[Event "Politiken Cup"]
[Site "Helsingor DEN"]
[Date "2011.08.01"]
[Round "4.32"]
[White "Molvig,Julius"]
[Black "Schmied,A"]
[Result "1/2-1/2"]
[WhiteElo "1842"]
[BlackElo "2081"]

1.d4 Nf6 2.c4 g6 3.Nc3 d5 4.cxd5 Nxd5 5.e4 Nxc3 6.bxc3 Bg7 7.Bc4 c5 8.Ne2 O-O
9.O-O Nc6 10.Be3 Qc7 11.Qc2 Na5 12.Bb3 Nxb3 13.Qxb3 b6 14.Rfd1 Ba6 15.Nf4 Bb7
16.Nd5 Bxd5 17.Qxd5 cxd4 18.cxd4 Rfd8 19.Qb3 Rac8 20.Rac1 Qd7 21.d5 Rxc1
22.Rxc1 Rc8 23.Rxc8+  1/2-1/2

[Event "98th ch-GBR"]
[Site "Sheffield ENG"]
[Date "2011.08.01"]
[Round "7.3"]
[White "Wells,P"]
[Black "Howell,D"]
[Result "0-1"]
[WhiteElo "2489"]
[BlackElo "2625"]

1.d4 Nf6 2.c4 g6 3.Nc3 d5 4.cxd5 Nxd5 5.e4 Nxc3 6.bxc3 Bg7 7.Bc4 c5 8.Ne2 Nc6
9.Be3 O-O 10.O-O Bd7 11.Rb1 Qc7 12.Bf4 Qc8 13.d5 Na5 14.Bd3 e5 15.Bg5 f6
16.Bh4 c4 17.Bc2 b5 18.a4 a6 19.f4 Re8 20.f5 Rf8 21.g4 Nb7 22.Bf2 Bh6 23.h4 Nd6
24.Kh2 Kh8 25.Bg3 Qe8 26.Ng1 Rg8 27.Nh3 Nf7 28.Qe2 g5 29.hxg5 Nxg5 30.Nxg5 Bxg5
31.Rh1 bxa4 32.Kg2 Rb8 33.Kf3 Qe7 34.Qxc4 Bb5 35.d6 Qa7 36.Rxb5 axb5 37.Qd3 Qd7
38.Bf2 Rgc8 39.Rb1 Rc6 40.Bxa4 Rxd6 41.Qe2 Rd3+ 42.Kg2 Rd2  0-1

[Event "Tabor Open"]
[Site "Tabor CZE"]
[Date "2011.08.01"]
[Round "3.37"]
[White "Schmidt,Kare"]
[Black "Pekarkova,E"]
[Result "0-1"]
[WhiteElo "1767"]
[BlackElo "1980"]

1.d4 Nf6 2.c4 g6 3.Nc3 d5 4.cxd5 Nxd5 5.e4 Nxc3 6.bxc3 Bg7 7.Be3 c5 8.Bc4 Nc6
9.Ne2 O-O 10.O-O cxd4 11.cxd4 Na5 12.Bd3 e6 13.Rc1 b6 14.f4 Bb7 15.Qe1 Rc8
16.Rxc8 Qxc8 17.Qg3 Ba6 18.Bd2 Bxd3 19.Qxd3 Qc4 20.Qe3 Qxa2 21.Nc1 Qc4 22.e5 Qd5
23.Bxa5 Qxa5 24.Nb3 Qd5 25.Rc1 Rd8 26.h4 a5 27.Rd1 a4 28.Nc1 Bf8 29.h5 b5
30.Ne2 b4 31.Kf2 a3 32.hxg6 fxg6 33.f5 exf5 34.Qg5 Ra8 35.Nf4 Qf7 36.d5 a2
37.Ra1 Bg7 38.Ne6 Bxe5 39.Rc1 a1=Q 40.Rxa1 Bxa1  0-1

[Event "50th World Juniors"]
[Site "Chennai IND"]
[Date "2011.08.02"]
[Round "1.1"]
[White "Rajesh,VA"]
[Black "Matlakov,M"]
[Result "1/2-1/2"]
[WhiteElo "2292"]
[BlackElo "2632"]

1.d4 Nf6 2.c4 g6 3.Nc3 d5 4.cxd5 Nxd5 5.e4 Nxc3 6.bxc3 Bg7 7.Nf3 c5 8.Be3 Qa5
9.Qd2 O-O 10.Rb1 b6 11.Bd3 Rd8 12.e5 Bb7 13.Rb5 Qa4 14.Qc2 Qxc2 15.Bxc2 cxd4
16.cxd4 Nc6 17.Rb1 Rac8 18.Be4 f5 19.exf6 exf6 20.O-O f5 21.Bxc6 Bxc6 22.Ne5 Bd5
23.a4 Bf8 24.Bg5 Rd6 25.Rbc1 Rxc1 26.Rxc1 Be6 27.Nc6 a5 28.Bf4 Rd7 29.Rb1 Bd5
30.Ne5 Rd6 31.h3 Be4 32.Rc1 Rxd4 33.Be3 Rd5 34.Rc8 f4 35.Bxf4 g5 36.Bg3 h5
37.Nc4 Kf7 38.Rc7+ Ke8 39.Nxb6 Rd1+ 40.Kh2 h4  1/2-1/2

[Event "Politiken Cup"]
[Site "Helsingor DEN"]
[Date "2011.08.03"]
[Round "6.38"]
[White "Stojanovski,Sa"]
[Black "Haug,J"]
[Result "1-0"]
[WhiteElo "2254"]
[BlackElo "1725"]

1.d4 Nf6 2.c4 g6 3.Nc3 d5 4.cxd5 Nxd5 5.e4 Nxc3 6.bxc3 Bg7 7.Bc4 c5 8.Ne2 Nc6
9.Be3 O-O 10.O-O Qc7 11.Bf4 e5 12.dxe5 Bxe5 13.Bg3 Bg4 14.Qc1 Bxe2 15.Bxe2 Bxg3
16.hxg3 Qe5 17.Bd3 c4 18.Bxc4 Qxe4 19.Bb3 Rac8 20.Re1 Qf5 21.Qe3 Rfd8 22.Rad1 Rxd1
23.Rxd1 Kg7 24.Rd5 Qf6 25.Rd7 Nd8 26.Qe8 Qxc3 27.Kh2 Qc1 28.Qe5+ Kg8 29.f4 Qc6
30.Qe7  1-0

[Event "ITT Ciudad de Villa Martelli"]
[Site "Villa Martelli ARG"]
[Date "2011.08.03"]
[Round "3"]
[White "Guerrero,Alv"]
[Black "Fabian,G"]
[Result "0-1"]
[WhiteElo "2210"]
[BlackElo "2317"]

1.d4 Nf6 2.c4 g6 3.Nc3 d5 4.cxd5 Nxd5 5.e4 Nxc3 6.bxc3 Bg7 7.Bc4 c5 8.Ne2 O-O
9.O-O Nc6 10.Be3 Na5 11.Bd3 b6 12.Qd2 e5 13.Bh6 cxd4 14.cxd4 exd4 15.Bxg7 Kxg7
16.f4 f6 17.Rac1 Qd6 18.f5 Qe5 19.Nf4 g5 20.Nh5+ Kg8 21.h4 h6 22.Rf3 Bd7
23.hxg5 hxg5 24.Rg3 Kf7 25.Kf2 Rh8 26.Rh1 Rac8 27.a4 Bxa4 28.Bb1 Rc3 29.Ba2+ Ke7
30.Nf4 Qxf4+ 31.Qxf4 Rc2+ 32.Kf3 gxf4 33.Rg7+ Kd6 34.Rxh8 Rxa2 35.Rf8 Kc5
36.Rxf6 d3 37.Rc7+ Kb4 38.Rd6 d2 39.f6 d1=Q+ 40.Rxd1 Bxd1+ 41.Kxf4 Rxg2 42.f7 Rf2+
43.Ke3 Rf3+ 44.Kd4 Bb3  0-1

[Event "15th HZ Open"]
[Site "Vlissingen NED"]
[Date "2011.08.03"]
[Round "6"]
[White "Seirawan,Y"]
[Black "Van Haastert,E"]
[Result "1/2-1/2"]
[WhiteElo "2635"]
[BlackElo "2421"]

1.d4 Nf6 2.c4 g6 3.Nc3 d5 4.cxd5 Nxd5 5.e4 Nxc3 6.bxc3 Bg7 7.Bc4 O-O 8.Ne2 c5
9.O-O Nc6 10.Be3 Qc7 11.Rc1 b6 12.Qd2 e6 13.Bh6 Bb7 14.Bxg7 Kxg7 15.Qe3 Na5
16.Bd3 Rac8 17.h4 Qe7 18.Qg3 cxd4 19.cxd4 Rxc1 20.Rxc1 Rc8 21.Rxc8 Bxc8 22.h5 Bb7
23.hxg6 hxg6 24.Nf4 Nc6 25.d5 exd5 26.exd5 Qe1+ 27.Kh2 Ne5 28.Be2 Qa1 29.Nh5+ Kh8
30.Nf6 Kg7 31.Qg5 Nf3+ 32.Bxf3 Qxf6 33.Qg3 Qf5 34.Qd6 g5 35.Qb4 Qe5+ 36.g3 Kf6
37.Qd2 Bc8 38.Bg2 Bd7 39.Qb4 Qe7 40.Qc3+ Qe5 41.Qa3 Qf5 42.Qxa7 Qh7+ 43.Kg1 Qb1+
44.Kh2 Qh7+ 45.Kg1 Qb1+  1/2-1/2

[Event "Politiken Cup"]
[Site "Helsingor DEN"]
[Date "2011.08.04"]
[Round "7.10"]
[White "Jepson,C"]
[Black "Nielsen,PH"]
[Result "0-1"]
[WhiteElo "2405"]
[BlackElo "2681"]

1.d4 Nf6 2.c4 g6 3.Nc3 d5 4.cxd5 Nxd5 5.e4 Nxc3 6.bxc3 Bg7 7.Nf3 c5 8.Be3 Qa5
9.Nd2 Nd7 10.Nb3 Qc7 11.Be2 O-O 12.O-O b6 13.Qc1 Bb7 14.f3 Rfe8 15.Rd1 Rac8
16.Bb5 Bc6 17.Ba6 Rcd8 18.Bf4 e5 19.Bg5 f6 20.Be3 Ba4 21.dxc5 Nxc5 22.Rxd8 Rxd8
23.Bc4+ Kh8 24.Nxc5 Rd1+ 25.Qxd1 Bxd1 26.Rxd1 bxc5 27.Rb1 h5 28.Rb5 Kh7 29.Bd5 h4
30.h3 a6 31.Rxc5 Qb6 32.Bf2 Bh6 33.Bb3 a5 34.Rxe5 Be3 35.Re7+ Kh6 36.Bxe3+ Qxe3+
37.Kh2 Kg5 38.Bd5 Kf4 39.e5 f5 40.e6 Qe5 41.Rd7 Ke3+ 42.Kg1 Qxc3 43.Bb3 Qe1+
44.Kh2 Kf2 45.Rd1 Qe5+ 46.Kh1 Kg3 47.Bc4 Qb2 48.Rg1 Qb4 49.Bd5 a4 50.Bc6 a3
51.Bd5 Qc5 52.Bb3 Qe3 53.Bc4 g5 54.Bb3 g4 55.fxg4 fxg4 56.Bd5 gxh3 57.gxh3+ Kf4
58.Rf1+ Kg5 59.Bb3 Qxh3+ 60.Kg1 Qe3+ 61.Kh1 Qe4+ 62.Kh2 Qe2+ 63.Kg1 h3 64.Bd5 h2+  0-1

[Event "Politiken Cup"]
[Site "Helsingor DEN"]
[Date "2011.08.04"]
[Round "7.24"]
[White "Lund,E"]
[Black "Rauramaa,K"]
[Result "1-0"]
[WhiteElo "2388"]
[BlackElo "2217"]

1.d4 Nf6 2.c4 g6 3.Nc3 d5 4.cxd5 Nxd5 5.e4 Nxc3 6.bxc3 Bg7 7.Bc4 c5 8.Ne2 O-O
9.O-O Nc6 10.Be3 Qc7 11.Rc1 Rd8 12.Bf4 Qd7 13.d5 Na5 14.Bd3 b5 15.Rb1 a6
16.Qc1 e5 17.Be3 Nb7 18.c4 b4 19.f4 a5 20.f5 f6 21.Ng3 Qc7 22.h4 Nd6 23.fxg6 hxg6
24.h5 Ne8 25.hxg6 Ra6 26.Qd1 Bf8 27.Qh5 Qg7 28.Be2 Qh8 29.Qf3 Qg7 30.Qf2 Qxg6
31.Bh5 Qg7 32.Bxe8 Rxe8 33.Nh5  1-0

[Event "Politiken Cup"]
[Site "Helsingor DEN"]
[Date "2011.08.04"]
[Round "7.5"]
[White "Khenkin,I"]
[Black "Schandorff,L"]
[Result "1-0"]
[WhiteElo "2620"]
[BlackElo "2497"]

1.d4 Nf6 2.c4 g6 3.Nc3 d5 4.cxd5 Nxd5 5.e4 Nxc3 6.bxc3 Bg7 7.Nf3 c5 8.Be3 Bg4
9.Rc1 O-O 10.d5 Qa5 11.Qd2 Bxf3 12.gxf3 c4 13.h4 h5 14.Bh6 Rc8 15.Bxg7 Kxg7
16.f4 Nd7 17.Rg1 Qb6 18.f5 Ne5 19.Be2 Rc7 20.Rg5 Rh8 21.Qd4 Qxd4 22.cxd4 Nd7
23.Rxc4 Rxc4 24.Bxc4 Rc8 25.Bb3 Rc1+ 26.Ke2 Rh1 27.e5 Rxh4 28.Ke3 Rh1 29.e6 Nf6
30.exf7 Kxf7 31.d6+ Kf8 32.Rxg6 Re1+ 33.Kd2 Re4 34.d5 Nxd5 35.Kd3 Re5 36.d7  1-0

[Event "Politiken Cup"]
[Site "Helsingor DEN"]
[Date "2011.08.04"]
[Round "7.104"]
[White "Christophersen,David"]
[Black "Olofsson-Dolk,Mattis"]
[Result "0-1"]
[WhiteElo "1777"]
[BlackElo "1951"]

1.d4 Nf6 2.c4 g6 3.Nc3 d5 4.cxd5 Nxd5 5.e4 Nxc3 6.bxc3 Bg7 7.Nf3 c5 8.Bb5+ Nc6
9.Qd2 O-O 10.d5 Qa5 11.Bb2 Qxb5 12.dxc6 Qxc6 13.O-O Bg4 14.Qe3 Rfd8 15.Rfd1 Qa4
16.Qe2 Bxf3 17.gxf3 Qa5 18.e5 Rxd1+ 19.Rxd1 Qxa2 20.Rd7 Qb1+ 21.Kg2 Qf5 22.Rxb7 Qg5+
23.Kf1 Bxe5 24.f4 Qxf4 25.Rxe7 Bf6 26.Re4 Qxh2 27.Qf3 Rb8 28.Ba3 Rb1+ 29.Ke2 Qd6
30.Re8+ Kg7 31.Qa8 Qd1+ 32.Ke3 Qe1+ 33.Kf3 Qxc3+ 34.Re3 Qc2 35.Qxa7 Qf5+
36.Kg2 Qg4+ 37.Rg3 Qe4+ 38.Rf3 Rb3  0-1

[Event "Valoz Cup GM1"]
[Site "Olomouc CZE"]
[Date "2011.08.04"]
[Round "2"]
[White "Bures,J"]
[Black "Drozdowski,K"]
[Result "1-0"]
[WhiteElo "2380"]
[BlackElo "2311"]

1.d4 Nf6 2.c4 g6 3.Nc3 d5 4.cxd5 Nxd5 5.e4 Nxc3 6.bxc3 Bg7 7.Be3 c5 8.Qd2 Qa5
9.Rc1 O-O 10.Nf3 Rd8 11.d5 Bg4 12.Ng5 Na6 13.h3 Bd7 14.h4 h5 15.Bxa6 bxa6
16.c4 Qa3 17.O-O Rab8 18.Rb1 Rb6 19.Bf4 Rc8 20.Nf3 Rb4 21.Rfc1 Bc3 22.Qe2 Bg4
23.Be3 Bxf3 24.gxf3 Bd4 25.Rxb4 cxb4 26.Rc2 Bxe3 27.Qxe3 Qxe3 28.fxe3 Rc5
29.Kf2 e5 30.Ke2 Kf8 31.Kd3 Ke7 32.Rb2 a5 33.f4 Kd6 34.a3 bxa3 35.Ra2 f6
36.Rxa3 Kc7 37.Ra1 Kb6 38.Rb1+ Kc7 39.Kc3 a4 40.fxe5 fxe5 41.Kb4 Kd6 42.Rg1 a5+
43.Kc3 Kd7 44.Rxg6 Rc8 45.Rb6 a3 46.Rb5 Ra8 47.c5 a4 48.Rb7+ Kc8 49.Rb1 a2
50.Ra1 a3 51.Kb4 Rb8+ 52.Kxa3 Rb5 53.c6 Kc7 54.Rxa2 Kd6 55.Rc2  1-0

[Event "15th HZ Open"]
[Site "Vlissingen NED"]
[Date "2011.08.04"]
[Round "7"]
[White "Van der Zalm,M"]
[Black "Goormachtigh,J"]
[Result "1/2-1/2"]
[WhiteElo "2058"]
[BlackElo "2237"]

1.d4 Nf6 2.c4 g6 3.Nc3 d5 4.cxd5 Nxd5 5.e4 Nxc3 6.bxc3 Bg7 7.Bb5+ c6 8.Ba4 b5
9.Bb3 a5 10.Ne2 b4 11.cxb4 axb4 12.Be3 c5 13.dxc5 O-O 14.O-O Bb7 15.Qxd8 Rxd8
16.Rad1 Rc8 17.f3 Nc6 18.Nf4 Ra3 19.Nd5 Ba6 20.Rf2 Bb5 21.Bg5 Ra7 22.Rfd2 Re8
23.h3 Na5 24.Bf4 Nxb3 25.axb3 Rc8 26.Nb6 Re8 27.Rd8 f5 28.Nc8 Rc7 29.Rxe8+ Bxe8
30.Rd8 Kf7 31.Be3 Rd7 32.Rxd7 Bxd7 33.Nb6 Bc6 34.Nd5 Bc3 35.Nxc3 bxc3 36.exf5 gxf5
37.Kf1 Bb5+ 38.Ke1 Ke6 39.Kd1 Bd3 40.g4 fxg4 41.hxg4 Kd5 42.g5  1/2-1/2

[Event "Arad Open A"]
[Site "Arad ROU"]
[Date "2011.08.05"]
[Round "1.1"]
[White "Paun,C"]
[Black "Balog,I1"]
[Result "0-1"]
[WhiteElo "1878"]
[BlackElo "2539"]

1.d4 Nf6 2.c4 g6 3.Nc3 d5 4.cxd5 Nxd5 5.e4 Nxc3 6.bxc3 Bg7 7.Bc4 c5 8.Be3 O-O
9.Ne2 Qc7 10.Rc1 Nc6 11.O-O Rd8 12.Qa4 Na5 13.dxc5 Nxc4 14.Qxc4 Be6 15.Qa4 b6
16.Nd4 Bd7 17.cxb6 axb6 18.Qb4 Bf8 19.Nf3 Rdb8 20.e5 Ra4 21.Qb3 b5 22.Ng5 e6
23.Rfd1 Bc6 24.Nxe6 fxe6 25.Qxe6+ Kh8 26.Bg5 h6 27.Bf6+ Kh7 28.Rd4 Re8 29.Qb3 Ra3
30.Qc2 Qf7 31.f4 Rxa2 32.Qd3 Bc5  0-1

[Event "50th World Juniors"]
[Site "Chennai IND"]
[Date "2011.08.05"]
[Round "4.15"]
[White "Grandelius,N"]
[Black "Barbosa,Ev"]
[Result "1/2-1/2"]
[WhiteElo "2542"]
[BlackElo "2343"]

1.d4 Nf6 2.c4 g6 3.Nc3 d5 4.cxd5 Nxd5 5.e4 Nxc3 6.bxc3 Bg7 7.Nf3 c5 8.Rb1 O-O
9.Be2 Nc6 10.d5 Ne5 11.Nxe5 Bxe5 12.Qd2 e6 13.f4 Bc7 14.O-O exd5 15.exd5 Ba5
16.f5 Bxf5 17.Rxb7 Qf6 18.Rf3 Qd6 19.Bc4 Rfb8 20.Rb3 Re8 21.Qf2 Re4 22.Bd3 c4
23.Bxe4 Bxe4 24.Rb5 Bb6 25.Re3 Bxd5 26.h3 Bc6 27.Rbe5 Qd1+ 28.Qf1 Qxf1+ 29.Kxf1 Bxe3
30.Bxe3 a6  1/2-1/2

[Event "Split Open"]
[Site "Split CRO"]
[Date "2011.08.05"]
[Round "1.13"]
[White "Bilobrk,F"]
[Black "Kacunko,J"]
[Result "1-0"]
[WhiteElo "2374"]
[BlackElo "1955"]

1.d4 Nf6 2.c4 g6 3.Nc3 d5 4.cxd5 Nxd5 5.e4 Nxc3 6.bxc3 Bg7 7.Be3 O-O 8.Qd2 c5
9.Rc1 Nc6 10.d5 Ne5 11.Bxc5 Qc7 12.Bd4 Rd8 13.c4 b6 14.Be2 Ba6 15.f4 Nd7
16.Bxg7 Kxg7 17.Nf3 Rac8 18.O-O f6 19.Nd4 Nc5 20.Qe3 Qd7 21.e5 Rc7 22.f5 g5
23.Ne6+ Nxe6 24.fxe6 Qe8 25.d6 Rc5 26.dxe7 Rxe5 27.exd8=Q Qxd8 28.Qd3  1-0

[Event "ITT Ciudad de Villa Martelli"]
[Site "Villa Martelli ARG"]
[Date "2011.08.05"]
[Round "5"]
[White "Guerrero,Alv"]
[Black "Mayorga,N"]
[Result "0-1"]
[WhiteElo "2210"]
[BlackElo "2330"]

1.d4 Nf6 2.c4 g6 3.Nc3 d5 4.cxd5 Nxd5 5.e4 Nxc3 6.bxc3 Bg7 7.Bc4 c5 8.Ne2 O-O
9.O-O Nc6 10.Be3 Qc7 11.Rc1 Rd8 12.Qd2 Ne5 13.Bd5 e6 14.Bb3 b5 15.Bf4 Qa5
16.Bxe5 Bxe5 17.Qg5 Bd6 18.dxc5 Bf8 19.Nd4 Bb7 20.c6 Ba6 21.f4 Bg7 22.e5 b4
23.Rf3 bxc3 24.Nxe6 c2 25.Nxd8 Qd2 26.h4 Qxc1+ 27.Kh2 Qd2 28.Nxf7 c1=Q 29.Nd6+ Kf8
30.Qg4 Qde1  0-1

[Event "8th Ostroda GM"]
[Site "Ostroda POL"]
[Date "2011.08.06"]
[Round "4.3"]
[White "Sieciechowicz,M"]
[Black "Terrieux,K"]
[Result "1/2-1/2"]
[WhiteElo "2454"]
[BlackElo "2429"]

1.d4 Nf6 2.c4 g6 3.Nc3 d5 4.cxd5 Nxd5 5.e4 Nxc3 6.bxc3 Bg7 7.Bc4 c5 8.Ne2 O-O
9.O-O Nc6 10.Be3 Qc7 11.Rc1 Rd8 12.Bf4 e5 13.Bg5 Rd6 14.Bd5 cxd4 15.cxd4 Be6
16.dxe5 Bxe5 17.Bf4 Rd7 18.Qd2 Rad8 19.Rc5 Qb8 20.Rd1 Ne7 21.Qe3 b6 22.Rb5 Bxd5
23.exd5 Bxf4 24.Nxf4 Nf5 25.Qd2 Qe5 26.h3 Ne7  1/2-1/2

[Event "Arad Open A"]
[Site "Arad ROU"]
[Date "2011.08.07"]
[Round "3.7"]
[White "Stanciu,Al"]
[Black "Turcu,I"]
[Result "1/2-1/2"]
[WhiteElo "2369"]
[BlackElo "2198"]

1.d4 Nf6 2.c4 g6 3.Nc3 d5 4.cxd5 Nxd5 5.e4 Nxc3 6.bxc3 Bg7 7.Bf4 c5 8.Rc1 Qa5
9.Qd2 h6 10.Be3 cxd4 11.cxd4 Qxd2+ 12.Kxd2 O-O 13.Rc7 Rd8 14.Bd3 e6 15.Nf3 Nc6
16.e5 Bf8 17.Ke2 Bb4 18.Bxh6 Ba5 19.Rxc6 bxc6 20.h4 Rb8 21.h5 Rb2+ 22.Ke3 c5
23.hxg6 cxd4+ 24.Kf4 fxg6 25.Bxg6 Bb7 26.Bg5 Kg7 27.Bxd8 Bxd8 28.Bb1 Kg8
29.Nxd4 Rb4 30.Rd1 Bb6 31.Be4 Rxd4 32.Rxd4 Bxd4 33.Bxb7 Bxf2  1/2-1/2

[Event "29th World Junior Girls"]
[Site "Chennai IND"]
[Date "2011.08.07"]
[Round "6.10"]
[White "Savina,A"]
[Black "Hema,P"]
[Result "1-0"]
[WhiteElo "2398"]
[BlackElo "1885"]

1.d4 Nf6 2.c4 g6 3.Nc3 d5 4.cxd5 Nxd5 5.e4 Nxc3 6.bxc3 Bg7 7.Qa4+ Bd7 8.Qa3 O-O
9.Nf3 Bg4 10.Be2 Nd7 11.Bg5 c5 12.O-O Re8 13.Rab1 Qc7 14.Rfd1 h6 15.Be3 Nf6
16.h3 Bd7 17.Nd2 b6 18.dxc5 Bc6 19.f3 Nd7 20.Nb3 Qg3 21.Nd4 Bb7 22.c6 Bxd4
23.cxd4 Bxc6 24.d5 Bb7 25.Bb5 Red8 26.Qxe7 Ne5 27.Rf1 Rab8 28.Bd4  1-0

[Event "Politiken Cup"]
[Site "Helsingor DEN"]
[Date "2011.08.07"]
[Round "10.93"]
[White "Nielsen,JB"]
[Black "Pedersen,Be"]
[Result "1-0"]
[WhiteElo "2140"]
[BlackElo "1860"]

1.d4 Nf6 2.c4 g6 3.Nc3 d5 4.cxd5 Nxd5 5.e4 Nxc3 6.bxc3 Bg7 7.Bc4 c5 8.Ne2 cxd4
9.cxd4 O-O 10.O-O Nc6 11.Be3 Bg4 12.f3 Bd7 13.Rb1 e6 14.Qd2 Na5 15.Bd3 b6
16.Rfc1 Rc8 17.Qb4 Re8 18.Ba6 Bf8 19.Qb2 Rxc1+ 20.Qxc1 Bc8 21.Bd3 Bb7 22.Bb5 f5
23.Bxe8 Qxe8 24.e5 Bd5 25.Qc7 Qe7 26.Rc1 Qa3 27.Nc3 Nc4 28.Bg5 h6 29.Nxd5 exd5
30.Rxc4 dxc4 31.Qxc4+ Kg7 32.Bf6+ Kh7 33.Qf7+  1-0

[Event "Politiken Cup"]
[Site "Helsingor DEN"]
[Date "2011.08.07"]
[Round "10.100"]
[White "Molvig,Julius"]
[Black "Johansen,J"]
[Result "1-0"]
[WhiteElo "1842"]
[BlackElo "1998"]

1.d4 Nf6 2.c4 g6 3.Nc3 d5 4.cxd5 Nxd5 5.e4 Nxc3 6.bxc3 Bg7 7.Bc4 c5 8.Ne2 Nc6
9.Be3 O-O 10.O-O Qc7 11.Rc1 Na5 12.Bb3 Nxb3 13.Qxb3 b6 14.Rfd1 Ba6 15.Nf4 Bb7
16.Nd5 Bxd5 17.Qxd5 Rfd8 18.Qb3 Rac8 19.a4 cxd4 20.cxd4 Qb7 21.Rxc8 Rxc8
22.f3 Qa6 23.Qb5 Qxb5 24.axb5 Rc3 25.Kf2 h5 26.Ra1 Rc7 27.Ra4 Kh7 28.Bf4 Rc2+
29.Kg3 e5 30.Bxe5 Bxe5+ 31.dxe5 Rc5 32.Rxa7 Kg8 33.Rb7 Rxb5 34.h4 Rxe5 35.Rxb6 Ra5
36.Kf4 Kg7 37.Rd6 Ra2 38.g4 hxg4 39.fxg4 Kh6 40.h5 Rf2+ 41.Kg3 Ra2 42.hxg6 fxg6
43.Rd3 Kg5 44.Re3 Kf6 45.e5+ Ke6 46.Kf4 Ra4+ 47.Kg5 Rb4 48.Rg3 Kxe5 49.Kxg6 Kf4
50.Rg1 Rb6+ 51.Kh5 Rb5+ 52.g5 Rb2 53.Kh6 Rh2+ 54.Kg7 Kf5 55.g6 Ke6 56.Re1+ Kd7
57.Kg8 Rg2 58.g7 Rh2 59.Rf1 Ke7 60.Rf7+ Ke8 61.Rf6 Ke7 62.Rf5 Rh1 63.Re5+ Kf6
64.Kf8 Kxe5 65.g8=Q Rf1+ 66.Ke7 Rf5 67.Qe6+ Kf4 68.Kd6 Kg5 69.Qe3+ Kg6 70.Qg3+ Rg5
71.Qf4 Rf5 72.Qe4 Kf6 73.Qe7+ Kg6 74.Ke6 Rf4 75.Qe8+ Kg5 76.Qg8+ Kh4 77.Ke5 Rf3
78.Ke4 Rf2 79.Qd8+ Kh3 80.Qg5 Kh2 81.Ke3 Rg2 82.Qh4+ Kg1 83.Qe1+ Kh2 84.Kf3  1-0